जगदंबा बाबू गाँव आ रहें हैं / (Record no. 115747)

MARC details
000 -LEADER
fixed length control field 01040nam a22002537a 4500
005 - DATE AND TIME OF LATEST TRANSACTION
control field 20170124103028.0
010 ## - LIBRARY OF CONGRESS CONTROL NUMBER
LC control number A-592783
020 ## - INTERNATIONAL STANDARD BOOK NUMBER
Terms of availability 55.00
International Standard Book Number 8121404932
035 ## - SYSTEM CONTROL NUMBER
System control number A-592783
037 ## - SOURCE OF ACQUISITION
Source of stock number/acquisition Cen Lib/Ret
040 ## - CATALOGING SOURCE
Original cataloging agency DPL
Language of cataloging HN
082 ## - DEWEY DECIMAL CLASSIFICATION NUMBER
Classification number
Item number मृद्गल
100 ## - MAIN ENTRY--PERSONAL NAME
Personal name मृद्गल, चित्रा
9 (RLIN) 63047
245 ## - TITLE STATEMENT
Title जगदंबा बाबू गाँव आ रहें हैं /
Statement of responsibility, etc मृद्गल चित्रा
246 ## - VARYING FORM OF TITLE
Title proper/short title Jagdamba babu gaanv aa rahe hain /
Remainder of title by Mrudgal babu
260 ## - PUBLICATION, DISTRIBUTION, ETC. (IMPRINT)
Place of publication, distribution, etc नई दिल्ली
Name of publisher, distributor, etc नेशनल पब्लिशिंग हाउस
Date of publication, distribution, etc 1992
270 ## - ADDRESS
City नई दिल्ली
Address 23, दरयागंज
Postal code 110002
300 ## - PHYSICAL DESCRIPTION
Extent 102पृ.
Dimensions 19सेमी (सजिल्द)
650 ## - SUBJECT ADDED ENTRY--TOPICAL TERM
Topical term or geographic name as entry element हिन्दी साहित्य
9 (RLIN) 63048
650 ## - SUBJECT ADDED ENTRY--TOPICAL TERM
Topical term or geographic name as entry element हिंदी कहानियां
9 (RLIN) 2082
650 ## - SUBJECT ADDED ENTRY--TOPICAL TERM
Topical term or geographic name as entry element Hindi literature
9 (RLIN) 63049
650 ## - SUBJECT ADDED ENTRY--TOPICAL TERM
Topical term or geographic name as entry element Hindi stories
9 (RLIN) 63050
942 ## - ADDED ENTRY ELEMENTS (KOHA)
Source of classification or shelving scheme Dewey Decimal Classification
Koha item type Hindi Books
Classification part
Call number suffix मृद्गल
Holdings
Withdrawn status Lost status Damaged status Not for loan Home library Current library Date acquired Source of acquisition Cost, normal purchase price Total Checkouts Full call number Barcode Date last seen Copy number Cost, replacement price Price effective from Koha item type Public note
Written off       Central Library Central Library 21/08/2015 Cen Lib/Ref 55.00   क मृद्गल A-592783 21/08/2015 1 55.00 21/08/2015 Hindi Books Written off on approval by DLB (By Circulation); dtd 20.12.2022

© Delhi Public Library
Hit Counter
free hit counter